Loading...
| Social Science | 0 | 5 | 3 | 1 | 35 | 75 | 111.20 | 1 | 5 | 0.00 | 0.00 |
| Other Academic | 0 | 1 | 0 | 1 | 10 | 139 | 139.00 | 0 | 1 | 0.00 | 0.00 |
| Fine Arts - Other | 0 | 1 | 0 | 0 | 10 | 121 | 121.00 | 0 | 1 | 0.00 | 0.00 |
| Philosophy | 0 | 1 | 1 | 1 | 5 | 147 | 147.00 | 0 | 1 | 0.00 | 0.00 |
| Fine Arts - Visual | 0 | 0 | 0 | 0 | 0 | 0.00 | 0 | 0 | 0.00 | 0.00 | |
| Literature - American | 0 | 0 | 0 | 0 | 0 | 0.00 | 0 | 0 | 0.00 | 0.00 | |
| Science - Biology | 0 | 0 | 0 | 0 | 0 | 0.00 | 0 | 0 | 0.00 | 0.00 | |
| Science - Chemistry | 0 | 0 | 0 | 0 | 0 | 0.00 | 0 | 0 | 0.00 | 0.00 | |
| Literature - European | 0 | 0 | 2 | 0 | -10 | 0.00 | 0 | 0 | 0.00 | 0.00 | |
| History - World | 0 | 0 | 2 | 0 | -10 | 0.00 | 0 | 0 | 0.00 | 0.00 |